Miasta na historycznym Podlasiu - Statystyki

Ogólne statystyki
  • Ten quiz został rozwiązany 24 razy
  • Średni wynik to 6 z 12
Statystyki odpowiedzi
Liczba mieszkańców Województwo Miasto % Poprawnych
289 685 podlaskie Białystok
100%
23 406 podlaskie Bielsk Podlaski
71%
18 560 *podlaskie Hajnówka
67%
28 611 *podlaskie Augustów
63%
18 156 mazowieckie Sokołów Podlaski
54%
8938 podlaskie Wysokie Mazowieckie
54%
14 196 podlaskie Łapy
42%
13 221 podlaskie Siemiatycze
42%
6742 mazowieckie Łosice
38%
11 662 mazowieckie Węgrów
33%
15 146 lubelskie Międzyrzec Podlaski
29%
9290 podlaskie Mońki
29%
Nie znaleziono quizów pasujących do podanych kryteriów
Rozkład punktacji
Procent ludzi z każdym wynikiem
Percentyl według liczby udzielonych odpowiedzi
Twoja historia wyników
Nie rozwiązałeś tego quizu